Reproductive health : (Record no. 3852)
[ view plain ]
| 000 -LEADER | |
|---|---|
| fixed length control field | 01141pam a2200349 a 4500 |
| 003 - CONTROL NUMBER IDENTIFIER | |
| control field | OSt |
| 005 - DATE AND TIME OF LATEST TRANSACTION | |
| control field | 20220218082736.0 |
| 008 - FIXED-LENGTH DATA ELEMENTS--GENERAL INFORMATION | |
| fixed length control field | 881117s1990 enka b 001 0 eng c |
| 020 ## - INTERNATIONAL STANDARD BOOK NUMBER | |
| International Standard Book Number | 0940813599 : |
| 040 ## - CATALOGING SOURCE | |
| Transcribing agency | DLC |
| 050 00 - LIBRARY OF CONGRESS CALL NUMBER | |
| Classification number | QP251 |
| Item number | .F53 1990 vol. 3 |
| Classification number | RG103 |
| 060 ## - NATIONAL LIBRARY OF MEDICINE CALL NUMBER | |
| Classification number | WQ 205 F473 v. 3 |
| 245 00 - TITLE STATEMENT | |
| Title | Reproductive health : |
| Remainder of title | global issues / |
| Statement of responsibility, etc. | edited by Mahmoud F. Fathalla ... [et al.]. |
| 250 ## - EDITION STATEMENT | |
| Edition statement | [New ed.]. |
| 260 ## - PUBLICATION, DISTRIBUTION, ETC. | |
| Place of publication, distribution, etc. | Carnforth, Lancs, UK ; |
| -- | Park Ridge, N.J., USA : |
| Name of publisher, distributor, etc. | Parthenon Pub. Group, |
| Date of publication, distribution, etc. | c1990. |
| 300 ## - PHYSICAL DESCRIPTION | |
| Extent | 224 p. : |
| Other physical details | ill. (some col.) ; |
| Dimensions | 30 cm. |
| 440 #4 - SERIES STATEMENT/ADDED ENTRY--TITLE | |
| Title | The FIGO manual of human reproduction ; |
| Volume/sequential designation | v. 3 |
| 504 ## - BIBLIOGRAPHY, ETC. NOTE | |
| Bibliography, etc. note | Includes bibliographies and index. |
| 650 #0 - SUBJECT ADDED ENTRY--TOPICAL TERM | |
| Topical term or geographic name entry element | Gynecology. |
| 650 #0 - SUBJECT ADDED ENTRY--TOPICAL TERM | |
| Topical term or geographic name entry element | Obstetrics. |
| 650 #0 - SUBJECT ADDED ENTRY--TOPICAL TERM | |
| Topical term or geographic name entry element | Women |
| General subdivision | Health and hygiene. |
| 650 #0 - SUBJECT ADDED ENTRY--TOPICAL TERM | |
| Topical term or geographic name entry element | Human reproduction |
| General subdivision | Social aspects. |
| 650 #2 - SUBJECT ADDED ENTRY--TOPICAL TERM | |
| Topical term or geographic name entry element | Breast Feeding. |
| 650 #2 - SUBJECT ADDED ENTRY--TOPICAL TERM | |
| Topical term or geographic name entry element | Infertility. |
| 650 #2 - SUBJECT ADDED ENTRY--TOPICAL TERM | |
| Topical term or geographic name entry element | Maternal Mortality. |
| 650 #2 - SUBJECT ADDED ENTRY--TOPICAL TERM | |
| Topical term or geographic name entry element | Reproduction. |
| 650 #2 - SUBJECT ADDED ENTRY--TOPICAL TERM | |
| Topical term or geographic name entry element | Sex Behavior. |
| 650 #2 - SUBJECT ADDED ENTRY--TOPICAL TERM | |
| Topical term or geographic name entry element | Sexually Transmitted Diseases. |
| 700 1# - ADDED ENTRY--PERSONAL NAME | |
| Personal name | Fathalla, Mahmoud F. |
| 906 ## - LOCAL DATA ELEMENT F, LDF (RLIN) | |
| a | 7 |
| b | cbc |
| c | orignew |
| d | 1 |
| e | ocip |
| f | 19 |
| g | y-gencatlg |
| 942 ## - ADDED ENTRY ELEMENTS (KOHA) | |
| Source of classification or shelving scheme | |
| Koha item type | Book |
| Withdrawn status | Lost status | Source of classification or shelving scheme | Damaged status | Not for loan | Permanent Location | Current Location | Shelving location | Date acquired | Source of acquisition | Total Checkouts | Full call number | Barcode | Date last seen | Price effective from | Koha item type | Public note |
|---|---|---|---|---|---|---|---|---|---|---|---|---|---|---|---|---|
| AU LIBRARY | AU LIBRARY | Open Shelf | 18.02.2022 | DONATION FROM MOI UNIVERSITY | QP251 .F53 1990 vol. 3 | 28005499 | 18.02.2022 | 18.02.2022 | Book | SM |